000 00505nam a22001457a 4500
082 _a620.1
100 _aPerwez, Usama Bin
245 _aThermal modeling and design analysis oa a continous flow microfluidic chip /
_cUsama Bin Perwez.
260 _aIslamabad:
_bCEME - NUST,
_c2017.
300 _a65p.: ill.;
_c30cm.
650 _aMechanical Engineering - MS Theses.
_930365
700 _aSup: Dr. Syed M. Tahir Zaidi.
_934905
942 _2ddc
_cTHE
999 _c540742
_d540742